[Event "Veyangoda Queenstar op"]
[Site "Veyangoda"]
[Date "2023.04.17"]
[Round "3"]
[White "Wijerathne, Surath"]
[Black "Kaluarachchi, Achinthya Shamen"]
[Result "0-1"]
[WhiteElo "1398"]
[BlackElo "1884"]
[PlyCount "72"]
[EventDate "2023.04.16"]
[EventType "swiss"]
[EventRounds "9"]
[EventCountry "SRI"]
[SourceTitle "EXT 2024"]
[Source "ChessBase"]
[SourceDate "2023.10.10"]
[SourceVersion "1"]
[SourceVersionDate "2023.10.10"]
[SourceQuality "1"]

1. e4 c5 2. Nf3 e6 3. d4 cxd4 4. Nxd4 Nf6 5. Bd3 Nc6 6. Ne2 Bc5 7. h3 d5 8. exd5 Nxd5 9. Nbc3 0-0 10. Ne4 Be7 11. 0-0 Ndb4 12. a3 Nxd3 13. Qxd3 Qxd3 14. cxd3 b6 15. Bf4 e5 16. Bg5 f6 17. Rac1 Bb7 18. Be3 f5 19. N4c3 Rad8 20. f3 Rxd3 21. Bf2 Rfd8 22. Rfd1 Rxd1+ 23. Rxd1 Rxd1+ 24. Nxd1 Na5 25. Nec3 Nc4 26. a4 Kf7 27. Ne3 Nxe3 28. Bxe3 Bc6 29. Nb5 Bxb5 30. axb5 Ke6 31. b3 Bc5 32. Kf2 Kd5 33. Bxc5 Kxc5 34. Ke3 Kxb5 35. f4 e4 36. g4 g6 0-1

[Event "Veyangoda Queenstar op"]
[Site "Veyangoda"]
[Date "2023.04.16"]
[Round "2"]
[White "Kaluarachchi, Achinthya Shamen"]
[Black "Mahesh, B Vikum"]
[Result "1-0"]
[WhiteElo "1884"]
[BlackElo "1157"]
[PlyCount "73"]
[EventDate "2023.04.16"]
[EventType "swiss"]
[EventRounds "9"]
[EventCountry "SRI"]
[SourceTitle "EXT 2024"]
[Source "ChessBase"]
[SourceDate "2023.10.10"]
[SourceVersion "1"]
[SourceVersionDate "2023.10.10"]
[SourceQuality "1"]

1. Nf3 d5 2. d4 Bf5 3. c4 e6 4. Nc3 Nf6 5. Bg5 h6 6. Bxf6 Qxf6 7. cxd5 exd5 8. Nxd5 Qc6 9. e4 Bxe4 10. Bb5 Bb4+ 11. Nd2 Bxd5 12. Bxc6+ Nxc6 13. Qe2+ Ne7 14. Qb5+ Nc6 15. Qxd5 0-0 16. 0-0-0 Rad8 17. Qb3 Rxd4 18. Nf3 Na5 19. Nxd4 Nxb3+ 20. Nxb3 Re8 21. a3 Bd6 22. Rhe1 Rxe1 23. Rxe1 Kh7 24. g3 Kg6 25. Re8 b6 26. Kd2 a5 27. Nd4 f6 28. Kd3 Be5 29. f4 Kf7 30. Rxe5 fxe5 31. fxe5 c5 32. Nb5 Ke6 33. Ke4 g6 34. g4 h5 35. g5 a4 36. Nc3 c4 37. h4 1-0

[Event "SRI-ch"]
[Site "Colombo"]
[Date "2023.04.03"]
[Round "13"]
[White "Samaranayake, KPRN"]
[Black "Kaluarachchi, Achinthya Shamen"]
[Result "1-0"]
[WhiteElo "1916"]
[BlackElo "1884"]
[PlyCount "49"]
[EventDate "2023.03.25"]
[EventType "tourn"]
[EventRounds "13"]
[EventCountry "SRI"]
[SourceTitle "CBM 213 Extra"]
[Source "ChessBase"]
[SourceDate "2023.05.31"]
[SourceVersion "1"]
[SourceVersionDate "2023.05.31"]
[SourceQuality "1"]

1. d4 Nf6 2. Bf4 g6 3. Nc3 d5 4. e3 Bg7 5. h4 c5 6. Nb5 Na6 7. c3 0-0 8. Bd3 Qb6 9. a4 h5 10. Nf3 Ng4 11. 0-0 Re8 12. Bc2 Bd7 13. Ng5 Bxb5 14. axb5 Qxb5 15. Ba4 Qxb2 16. Bxe8 Rxe8 17. Qa4 Rf8 18. Rab1 Qxc3 19. Rxb7 cxd4 20. Qxa6 dxe3 21. fxe3 Nxe3 22. Bxe3 Qxe3+ 23. Kh1 Qg3 24. Nf3 Bf6 25. Qxa7 1-0

[Event "SRI-ch"]
[Site "Colombo"]
[Date "2023.04.02"]
[Round "11"]
[White "Liyanage, Ranindu Dilshan"]
[Black "Kaluarachchi, Achinthya Shamen"]
[Result "1-0"]
[WhiteElo "2342"]
[BlackElo "1884"]
[PlyCount "93"]
[EventDate "2023.03.25"]
[EventType "tourn"]
[EventRounds "13"]
[EventCountry "SRI"]
[SourceTitle "CBM 213 Extra"]
[Source "ChessBase"]
[SourceDate "2023.05.31"]
[SourceVersion "1"]
[SourceVersionDate "2023.05.31"]
[SourceQuality "1"]

1. e4 e6 2. Qe2 d5 3. exd5 Qxd5 4. Nc3 Qd8 5. Nf3 c5 6. g3 Nc6 7. Bg2 Nf6 8. d3 Be7 9. 0-0 0-0 10. Ne5 Nd4 11. Qd1 Qc7 12. Nc4 Rd8 13. Bf4 Qd7 14. Re1 Qe8 15. Bc7 Rd7 16. Be5 Qd8 17. a4 Nf5 18. Bf4 Bd6 19. Bg5 h6 20. Bxf6 Qxf6 21. Ne4 Qd8 22. Nexd6 Nxd6 23. Ne5 Rc7 24. d4 Rb8 25. a5 b6 26. axb6 Rxb6 27. Nd3 Nb5 28. c3 Nd6 29. Ra2 Nb5 30. Nxc5 Qe7 31. Qd3 a6 32. b4 Qf6 33. Re3 Nd6 34. Rae2 g6 35. d5 exd5 36. Qxd5 Kg7 37. Rf3 Nf5 38. g4 Rd6 39. Qb3 Qg5 40. gxf5 Qc1+ 41. Bf1 Rd1 42. f6+ Kh7 43. Qxd1 Qxd1 44. Rd3 Qc1 45. h4 Qf4 46. Re7 Bf5 47. Rd4 1-0

[Event "SRI-ch"]
[Site "Colombo"]
[Date "2023.03.27"]
[Round "5"]
[White "Samaranayake, Pamok Methdinu"]
[Black "Kaluarachchi, Achinthya Shamen"]
[Result "0-1"]
[WhiteElo "1570"]
[BlackElo "1884"]
[PlyCount "68"]
[EventDate "2023.03.25"]
[EventType "tourn"]
[EventRounds "13"]
[EventCountry "SRI"]
[SourceTitle "CBM 213 Extra"]
[Source "ChessBase"]
[SourceDate "2023.05.31"]
[SourceVersion "1"]
[SourceVersionDate "2023.05.31"]
[SourceQuality "1"]

1. d4 c5 2. Nf3 cxd4 3. Nxd4 d5 4. e3 Nc6 5. Nxc6 bxc6 6. c4 a6 7. Nd2 Nf6 8. Be2 e5 9. cxd5 cxd5 10. 0-0 Qd7 11. b3 Bd6 12. Bb2 0-0 13. Nf3 Re8 14. Ne1 Bb7 15. Nd3 Qe7 16. Rc1 Ne4 17. Rc2 Rac8 18. Rxc8 Rxc8 19. Qa1 Re8 20. Rd1 Qg5 21. Bf1 h5 22. g3 h4 23. Bg2 hxg3 24. hxg3 Nxg3 25. Nxe5 Nf5 26. Nf3 Qg4 27. Bd4 Re6 28. Kf1 a5 29. Qc3 Ba6+ 30. Rd3 Rg6 31. Ne1 Bb4 32. Qc7 Bxd3+ 33. Nxd3 Qd1+ 34. Ne1 Qxe1# 0-1

[Event "SRI-chB"]
[Site "Colombo"]
[Date "2023.03.06"]
[Round "5"]
[White "Basnayake, BM Thesandu Aken"]
[Black "Kaluarachchi, Achinthya Shamen"]
[Result "0-1"]
[WhiteElo "1452"]
[BlackElo "1884"]
[PlyCount "47"]
[EventDate "2023.03.04"]
[EventType "swiss"]
[EventRounds "11"]
[EventCountry "SRI"]
[SourceTitle "CBM 213 Extra"]
[Source "ChessBase"]
[SourceDate "2023.05.31"]
[SourceVersion "1"]
[SourceVersionDate "2023.05.31"]
[SourceQuality "1"]

1. d4 Nf6 2. c4 g6 3. Nc3 c5 4. d5 d6 5. e4 Bg7 6. Be2 0-0 7. h4 e6 8. h5 exd5 9. cxd5 Nbd7 10. g4 Qe7 11. f3 Ne5 12. Bg5 h6 13. Be3 Nexg4 14. fxg4 Nxe4 15. Qc1 Ng3 16. Rh2 Nxe2 17. Ngxe2 g5 18. Rg2 f5 19. gxf5 Bxf5 20. Qd2 Rae8 21. Bg1 Bh3 22. Rf2 Rf7 23. Rf4 Rxf4 24. Bf2 0-1

[Event "SRI-chB"]
[Site "Colombo"]
[Date "2023.03.05"]
[Round "4"]
[White "Kaluarachchi, Achinthya Shamen"]
[Black "Janukshan, B."]
[Result "0-1"]
[WhiteElo "1884"]
[BlackElo "1597"]
[PlyCount "98"]
[EventDate "2023.03.04"]
[EventType "swiss"]
[EventRounds "11"]
[EventCountry "SRI"]
[SourceTitle "CBM 213 Extra"]
[Source "ChessBase"]
[SourceDate "2023.05.31"]
[SourceVersion "1"]
[SourceVersionDate "2023.05.31"]
[SourceQuality "1"]

1. d4 Nf6 2. c4 g6 3. Nc3 d5 4. Qb3 dxc4 5. Qxc4 a6 6. a3 b5 7. Qd3 Bg7 8. e4 Bb7 9. Nf3 0-0 10. Be2 Nbd7 11. e5 Nd5 12. e6 fxe6 13. Ng5 Nxc3 14. bxc3 Rf6 15. h4 Bxg2 16. Rg1 Bd5 17. h5 Nf8 18. hxg6 hxg6 19. Qg3 Qd6 20. Qh4 e5 21. Rg3 exd4 22. cxd4 e5 23. dxe5 Qxe5 24. Rb1 Qf5 25. Rd3 Bc4 26. Rf3 Qc2 27. Bxc4+ bxc4 28. Rxf6 Re8+ 29. Re6 Nxe6 30. Qe4 Qc3+ 31. Bd2 Qf6 32. Kf1 c3 33. Bxc3 Qxg5 34. Qc6 Qe7 35. Bb4 Qf7 36. Re1 Bd4 37. Re2 Ng7 38. Qxa6 Rxe2 39. Qxe2 Nh5 40. Ke1 Nf4 41. Qf3 Bxf2+ 42. Kxf2 Nd3+ 43. Ke2 Qxf3+ 44. Kxf3 Nxb4 45. axb4 Kf7 46. Kf4 Kf6 47. b5 Ke6 48. Ke4 Kd6 49. Kd4 g5 0-1

[Event "SRI-chB"]
[Site "Colombo"]
[Date "2023.03.05"]
[Round "3"]
[White "Wickramasinghe, VWA Vinuda Vidm"]
[Black "Kaluarachchi, Achinthya Shamen"]
[Result "0-1"]
[WhiteElo "1523"]
[BlackElo "1884"]
[PlyCount "48"]
[EventDate "2023.03.04"]
[EventType "swiss"]
[EventRounds "11"]
[EventCountry "SRI"]
[SourceTitle "CBM 213 Extra"]
[Source "ChessBase"]
[SourceDate "2023.05.31"]
[SourceVersion "1"]
[SourceVersionDate "2023.05.31"]
[SourceQuality "1"]

1. d4 Nf6 2. Bf4 d5 3. e3 c5 4. c3 Nc6 5. Nd2 Qb6 6. Qb3 c4 7. Qc2 g6 8. e4 Nxe4 9. Nxe4 dxe4 10. Bxc4 e5 11. dxe5 Bf5 12. Be3 Bc5 13. Bxc5 Qxc5 14. Qb3 0-0 15. Qb5 Qxb5 16. Bxb5 Nxe5 17. 0-0-0 a6 18. Be2 Rfd8 19. Re1 b5 20. f3 e3 21. f4 Rd2 22. Rf1 Rc2+ 23. Kb1 Rxe2+ 24. Ka1 Rf2 0-1

[Event "SRI-chB"]
[Site "Mount Lavinia"]
[Date "2022.03.20"]
[Round "9"]
[White "Gnanaseelan, Jude Dorison"]
[Black "Kaluarachchi, Achinthya Shamen"]
[Result "0-1"]
[WhiteElo "1387"]
[BlackElo "1849"]
[PlyCount "20"]
[EventDate "2022.03.16"]
[EventType "swiss"]
[EventRounds "10"]
[EventCountry "SRI"]
[SourceTitle "EXT 2023"]
[Source "ChessBase"]
[SourceDate "2022.10.05"]
[SourceVersion "1"]
[SourceVersionDate "2022.10.05"]
[SourceQuality "1"]

1. e4 e6 2. d4 d5 3. Nc3 Nf6 4. Bg5 Be7 5. e5 Nfd7 6. Bxe7 Qxe7 7. f4 0-0 8. Nf3 c5 9. Bd3 f6 10. 0-0 cxd4 0-1

[Event "SRI-chB"]
[Site "Mount Lavinia"]
[Date "2022.03.19"]
[Round "8"]
[White "Kaluarachchi, Achinthya Shamen"]
[Black "Gunaweera, Geenuka Kavinu"]
[Result "1-0"]
[WhiteElo "1849"]
[BlackElo "1240"]
[PlyCount "101"]
[EventDate "2022.03.16"]
[EventType "swiss"]
[EventRounds "10"]
[EventCountry "SRI"]
[SourceTitle "EXT 2023"]
[Source "ChessBase"]
[SourceDate "2022.10.05"]
[SourceVersion "1"]
[SourceVersionDate "2022.10.05"]
[SourceQuality "1"]

1. d4 d5 2. c4 e6 3. Nc3 Nf6 4. Bg5 Be7 5. e3 a6 6. cxd5 exd5 7. Bd3 0-0 8. Nge2 h6 9. Bf4 Re8 10. 0-0 Nbd7 11. Rc1 c6 12. f3 Nh5 13. Nxd5 Nxf4 14. Ndxf4 Bd6 15. Qd2 Nf8 16. e4 Bxf4 17. Qxf4 Ng6 18. Qg3 Qh4 19. f4 Qxg3 20. Nxg3 Nf8 21. f5 Rd8 22. Ne2 Nd7 23. Bb1 Nf6 24. h3 Bd7 25. g4 Rac8 26. Nf4 Re8 27. e5 Nd5 28. e6 fxe6 29. fxe6 Bxe6 30. Nxe6 Rxe6 31. Bf5 Rce8 32. Bxe6+ Rxe6 33. Rce1 Rd6 34. Re8+ Kh7 35. Rf7 b6 36. a3 a5 37. Kf2 b5 38. Rb8 a4 39. Rbb7 Rg6 40. Kf3 Nf6 41. Rb8 Nd5 42. h4 Rf6+ 43. Rxf6 Nxf6 44. Rb6 h5 45. g5 Nd5 46. Rxc6 b4 47. axb4 Nxb4 48. Rc4 Nd3 49. Rxa4 Nxb2 50. Rb4 Nd1 51. Rb3 1-0

[Event "Wch U12"]
[Site "Al Ain"]
[Date "2013.12.24"]
[Round "8"]
[White "Kaluarachchi, Achinthya Shamen"]
[Black "Batashevs, Arsens"]
[Result "1/2-1/2"]
[WhiteElo "1627"]
[BlackElo "1805"]
[PlyCount "28"]
[EventDate "2013.12.18"]
[EventType "swiss"]
[EventRounds "11"]
[EventCountry "UAE"]
[SourceTitle "CBM 158 Extra"]
[Source "ChessBase"]
[SourceDate "2014.02.28"]
[SourceVersion "1"]
[SourceVersionDate "2014.02.28"]
[SourceQuality "1"]

1. d4 Nf6 2. c4 c5 3. d5 d6 4. Nc3 g6 5. e4 Bg7 6. Be2 Na6 7. f4 e6 8. Nf3 0-0 9. 0-0 exd5 10. cxd5 Re8 11. Nd2 Nc7 12. a4 Qe7 13. Bf3 h5 14. Nc4 Qd7 1/2-1/2

[Event "Wch U12"]
[Site "Al Ain"]
[Date "2013.12.21"]
[Round "4"]
[White "Kaluarachchi, Achinthya Shamen"]
[Black "Ehab, Mohamed"]
[Result "1-0"]
[WhiteElo "1627"]
[BlackElo "1953"]
[PlyCount "41"]
[EventDate "2013.12.18"]
[EventType "swiss"]
[EventRounds "11"]
[EventCountry "UAE"]
[SourceTitle "CBM 158 Extra"]
[Source "ChessBase"]
[SourceDate "2014.02.28"]
[SourceVersion "1"]
[SourceVersionDate "2014.02.28"]
[SourceQuality "1"]

1. d4 e6 2. c4 d6 3. Nc3 e5 4. Nf3 Nc6 5. d5 Nb8 6. a3 e4 7. Ng5 Na6 8. Ngxe4 Nc5 9. Nxc5 dxc5 10. e4 h5 11. Be2 f5 12. Bxh5+ g6 13. Bxg6+ Kd7 14. Bxf5+ Ke7 15. Bg5+ Nf6 16. Bxc8 Rxc8 17. e5 Rg8 18. Bxf6+ Ke8 19. Qh5+ Kd7 20. e6+ Kd6 21. Qe5# 1-0

[Event "Wch U12"]
[Site "Maribor"]
[Date "2012.11.14"]
[Round "7.60"]
[White "Tifferet, Shaked"]
[Black "Kaluarachchi, Achinthya Shamen"]
[Result "1-0"]
[WhiteElo "1791"]
[BlackElo "1548"]
[PlyCount "120"]
[EventDate "2012.11.08"]
[EventType "swiss"]
[EventRounds "11"]
[EventCountry "SLO"]
[SourceTitle "EXT 2013"]
[Source "ChessBase"]
[SourceDate "2012.11.22"]
[SourceVersion "1"]
[SourceVersionDate "2012.11.22"]
[SourceQuality "1"]

1. e4 e6 2. d4 d5 3. Nc3 Nf6 4. Bg5 Be7 5. e5 Nfd7 6. Bxe7 Qxe7 7. f4 a6 8. Nf3 c5 9. dxc5 Nxc5 10. Bd3 Nc6 11. 0-0 0-0 12. Bxh7+ Kxh7 13. Ng5+ Kg8 14. Qg4 f6 15. exf6 gxf6 16. Nxe6+ Kf7 17. f5 Ke8 18. Nxd5 Qf7 19. Ndc7+ Ke7 20. Nxf8 Kxf8 21. Nxa8 b5 22. Nb6 Bb7 23. Qh4 Qg7 24. Nd5 Ne7 25. Qxf6+ Qxf6 26. Nxf6 Kf7 27. Ng4 Ne4 28. Ne5+ Kf6 29. Nd7+ Kf7 30. f6 Ng6 31. h4 Ng3 32. h5 Nxf1 33. hxg6+ Kxg6 34. Kxf1 Bc8 35. Nb6 Bf5 36. c4 bxc4 37. Nxc4 Kxf6 38. Ne3 Be6 39. g4 a5 40. a3 a4 41. Kf2 Kg6 42. Kg3 Bd7 43. Kf4 Bc6 44. Rd1 Be8 45. Rd6+ Kf7 46. Nd5 Kg7 47. Kg5 Bf7 48. Rd7 Kg8 49. Nf6+ Kf8 50. Rxf7+ Kxf7 51. Kf5 Kg7 52. g5 Kf7 53. g6+ Kg7 54. Nh5+ Kf8 55. Kf6 Ke8 56. g7 Kd7 57. g8Q Kc6 58. Qe6+ Kc5 59. Qe3+ Kc4 60. Qc3+ Kd5 1-0

[Event "Wch U12"]
[Site "Maribor"]
[Date "2012.11.12"]
[Round "5.64"]
[White "Marquez, Juan"]
[Black "Kaluarachchi, Achinthya Shamen"]
[Result "1-0"]
[WhiteElo "1752"]
[BlackElo "1548"]
[PlyCount "73"]
[EventDate "2012.11.08"]
[EventType "swiss"]
[EventRounds "11"]
[EventCountry "SLO"]
[SourceTitle "EXT 2013"]
[Source "ChessBase"]
[SourceDate "2012.11.22"]
[SourceVersion "1"]
[SourceVersionDate "2012.11.22"]
[SourceQuality "1"]

1. e4 e6 2. Qe2 c5 3. g3 Nc6 4. Nf3 Be7 5. Bg2 Nf6 6. d3 0-0 7. 0-0 Re8 8. Re1 b6 9. e5 Nd5 10. Nc3 Nxc3 11. bxc3 Ba6 12. Nd2 Rc8 13. f4 f6 14. Bb2 b5 15. a4 Qb6 16. axb5 Bxb5 17. c4 Ba4 18. Bc3 Bxc2 19. Rec1 Nb4 20. exf6 Bxf6 21. Bxf6 gxf6 22. Qg4+ Kh8 23. Qh4 Rf8 24. Be4 f5 25. Nf3 Qd8 26. Ng5 Qe7 27. Bg2 Rc7 28. Bf3 Qg7 29. Ra3 Bxd3 30. Rd1 Bxc4 31. Rda1 Bd5 32. Bxd5 Nxd5 33. Rxa7 Rxa7 34. Rxa7 Qd4+ 35. Kg2 Nf6 36. Qh6 Qd6 37. Rxd7 1-0

[Event "Wch U12"]
[Site "Maribor"]
[Date "2012.11.10"]
[Round "3.57"]
[White "Tarhon, Brian"]
[Black "Kaluarachchi, Achinthya Shamen"]
[Result "1/2-1/2"]
[WhiteElo "1816"]
[BlackElo "1548"]
[PlyCount "52"]
[EventDate "2012.11.08"]
[EventType "swiss"]
[EventRounds "11"]
[EventCountry "SLO"]
[SourceTitle "EXT 2013"]
[Source "ChessBase"]
[SourceDate "2012.11.22"]
[SourceVersion "1"]
[SourceVersionDate "2012.11.22"]
[SourceQuality "1"]

1. e4 e6 2. d4 d5 3. Nc3 Nf6 4. Bg5 Be7 5. e5 Nfd7 6. Bxe7 Qxe7 7. f4 0-0 8. Nf3 a6 9. Qd2 c5 10. 0-0-0 Nc6 11. dxc5 Nxc5 12. Bd3 f5 13. exf6 Qxf6 14. g3 b5 15. Qf2 Nxd3+ 16. cxd3 Bd7 17. h4 Rac8 18. Kb1 Rb8 19. d4 a5 20. Rhe1 Rb7 21. Rd2 a4 22. Nd1 Rc8 23. Ne3 Rbc7 24. Rc1 Be8 25. Ka1 Nxd4 26. Rxc7 Rxc7 1/2-1/2

[Event "Asia-ch U12"]
[Site "Hikkaduwa"]
[Date "2012.06.26"]
[Round "1.6"]
[White "Mitrabha, Guha"]
[Black "Kaluarachchi, Achinthya Shamen"]
[Result "1-0"]
[WhiteElo "1909"]
[BlackElo "1479"]
[PlyCount "115"]
[EventDate "2012.06.26"]
[EventType "swiss"]
[EventRounds "9"]
[EventCountry "SRI"]
[SourceTitle "EXT 2024"]
[Source "ChessBase"]
[SourceDate "2023.10.10"]
[SourceVersion "1"]
[SourceVersionDate "2023.10.10"]
[SourceQuality "1"]

1. d4 Nf6 2. c4 e6 3. Nf3 b6 4. g3 Ba6 5. b3 Be7 6. Bg2 d5 7. Ne5 0-0 8. Bb2 Bd6 9. Nd2 c5 10. dxc5 Bxc5 11. 0-0 Bb7 12. Qc2 Qe7 13. e4 d4 14. Nd3 e5 15. a3 a5 16. Kh1 Nbd7 17. h3 Rad8 18. f4 Nh5 19. Kh2 exf4 20. Nxf4 Nxf4 21. gxf4 Qh4 22. Qd3 Bd6 23. e5 Bxg2 24. Kxg2 Bc5 25. Qg3 Qh6 26. Ne4 Rfe8 27. Kh2 Re6 28. Qg5 Qxg5 29. Nxg5 Rg6 30. Nf3 Nf8 31. Rad1 d3 32. Nh4 Rc6 33. Nf5 Ne6 34. Rf3 d2 35. Bc3 g6 36. Ng3 Bxa3 37. Rxd2 Rxd2+ 38. Bxd2 Bf8 39. Ne4 a4 40. Nf6+ Kg7 41. bxa4 Rxc4 42. Ne8+ Kg8 43. f5 Nd4 44. Rf4 Bh6 45. Rxd4 Rxd4 46. Bxh6 Rxa4 47. e6 Ra7 48. Nf6+ Kh8 49. Bf8 gxf5 50. e7 Rxe7 51. Bxe7 Kg7 52. Nd5 b5 53. Nc3 b4 54. Bxb4 Kg6 55. Kg3 h5 56. h4 Kf6 57. Nd5+ Ke5 58. Nf4 1-0